000 01083nam a2200265 u 4500
001 000047500
005 20250702113509.0
008 090703s2004 dr di r 000 0 spa d
040 _aDO-SdBNP
_bspa
_cBNPHU
082 _a330.97293
_bR426e
245 0 0 _aRepública Dominicana :
_bestrategia nacional de desarrollo y competitividad /
_cprólogo Jeffrey Sachs.
260 _aSanto Domingo :
_bFUNGLODE,
_c2004.
300 _a290 p. :
_bil, diag. ;
_c28 cm.
504 _aIncluye bibliografía y notas a pie de las páginas
650 0 _a Competencia económica
_98351
650 4 _aZonas francas
_zRepública Dominicana
_98349
650 4 _aEducación
_zRepública Dominicana
_9737
650 4 _aMicroempresas
_zRepública Dominicana
_9289
650 4 _aTurismo
_zRepública Dominicana
_98433
651 4 _aRepública Dominicana
_xCondiciones Económicas
_y1961
_97344
651 4 _aRepública Dominicana
_xPolítica Económica
_9643
700 1 2 _aSachs, Jeffrey
_epról.
_98434
710 2 2 _aFundación Global Democracía y Desarrollo
_925477
910 _aValidado. Control de calidad MFF
999 _c46988
_d46988